000 01659nam a22001577a 4500
041 _aukr
080 _a09
090 _bЯСК
100 _aЯсковець А.В.
245 _aЛінгвітичні аспекти маніпулятивного впливу в англомовному рекламному тексті
260 _aОстрог
_bКАФ
_c2009
300 _a60
520 _aВСТУП РОЗДІЛ 1 ЗАГАЛЬНОТЕОРЕТИЧНІ ПРОБЛЕМИ ЛІНГВІСТИКИ РЕКЛАМИ 1.1 Імплікація в рекламному дискурсі. 1.2 Вербальні способи переконання у банерній рекламі (banner adverticement). 1.3 Інтерпретація та опис маніпулювання як лінгвістичного феномена. РОЗДІЛ 2 МАНІПУЛЯТИВНІ СТРАТЕГІЇ (MANIPULATIVE STRATEGIES) В СУЧАСНІЙ АНГЛОМОВНІЙ КОМУНІКАЦІЇ 2.1 Стратегії і тактики маніпуляції масовою свідомістю в англомовних політичних рекламних текстах. 2.2 Лінгвокогнітивні та комунікативно-прагматичні особливості сучасного англомовного медичного дискурсу. 2.3 Деякі засоби інтенсифікації експресивності в англомовному рекламному тексті. ВИСНОВКИ
_0лінгвістика,реклама,маніпулятивні стратегії
650 _aResearch Papers
999 _c284198
_d284198
942 _cBK